Flexible Regression Modelling of the Pure Premium Using Generalized Additive Models with Isotropic Smoothing

Skúmanie cien neživotného poistenia v kontexte modelu GAM. Porovnanie viacerých modelov a vysvetlenie odchýlok.

Gespeichert in:
Bibliographische Detailangaben
1. Verfasser: Strežo, Marek, 1990-
Format: Buchkapitel
Sprache:Englisch
Schlagworte:
Tags: Tag hinzufügen
Keine Tags, Fügen Sie das erste Tag hinzu!

MARC

LEADER 00000naa a2200000 4500
001 0263558
005 20240502074203.6
041 0 |a eng 
044 |a SK 
245 1 0 |a Flexible Regression Modelling of the Pure Premium Using Generalized Additive Models with Isotropic Smoothing  |c Marek Strežo 
520 |a Skúmanie cien neživotného poistenia v kontexte modelu GAM. Porovnanie viacerých modelov a vysvetlenie odchýlok. 
610 2 0 |a poistenie neživotné 
610 2 0 |a modely 
610 2 0 |a regresia 
610 2 0 |a funkcie ceny 
100 1 |a Strežo, Marek, 1990-